Journal de Paris (Record no. 134584)

MARC details
000 -LEADER
campo de control de longitud fija 00792nam a2200217 i 4500
001 - NÚMERO DE CONTROL
campo de control 134584
003 - IDENTIFICADOR DE NÚMERO DE CONTROL
campo de control ES-MaACL
005 - FECHA Y HORA DE LA ÚLTIMA TRANSACCIÓN
campo de control 20230906194714.0
007 - CAMPO FIJO DE DESCRIPCIÓN FÍSICA--INFORMACIÓN GENERAL
campo de control de longitud fija t|
008 - DATOS DE LONGITUD FIJA--INFORMACIÓN GENERAL
campo de control de longitud fija 070912s1967 fr ||||1| fre d
080 ## - NÚMERO DE LA CLASIFICACIÓN DECIMAL UNIVERSAL
Número de la Clasificación Decimal Universal (054)
245 00 - MENCIÓN DEL TÍTULO
Título Journal de Paris
Resto del título : la révolution française au jour le jour /
Mención de responsabilidad, etc. accompagne d'une iconographie de la révolution française par l'affiche par André Rossel ; maquette de François Doat.
260 ## - PUBLICACIÓN, DISTRIBUCIÓN, ETC.
Lugar de publicación, distribución, etc. Paris :
Nombre del editor, distribuidor, etc. Editions les Yeux Ouverts,
Fecha de publicación, distribución, etc. [1968]
300 ## - DESCRIPCIÓN FÍSICA
Extensión 1718 p. ;
Dimensiones 23 p.
500 ## - NOTA GENERAL
Nota general Biblioteca Jacinto Martínez Lacalle.
500 ## - NOTA GENERAL
Nota general Reprod. facs.
505 8# - NOTA DE CONTENIDO CON FORMATO
Nota de contenido con formato Contiene: Vol. I: 14 jullier 1789-30 décembre 1789
700 1# - ENTRADA AGREGADA--NOMBRE PERSONAL
Nombre de persona Rossel, André.
9 (RLIN) 99831
700 1# - ENTRADA AGREGADA--NOMBRE PERSONAL
Nombre de persona Doat, François.
9 (RLIN) 44926
852 ## - LOCALIZACIÓN
Ubicación ES-MaACL
Número de control de estantería E-12117
Sublocalización o colección R.140383
Holdings
Estatus retirado Estado de pérdida Estado de daño No para préstamo Biblioteca de origen Biblioteca actual Ubicación en estantería Fecha de adquisición Fuente de adquisición Total de préstamos Signatura topográfica completa Código de barras Visto por última vez Precio de reemplazo Tipo de ítem Koha
        Biblioteca del Ateneo de Madrid Biblioteca del Ateneo de Madrid Depósito 2 17/01/2008     E-12117 1140084 23/02/2023 23/02/2023 Libro impreso